00728pam a2200241 a 4500001000800000005001700008008004100025010001700066020001500083040002300098041000800121060001700129080002000146082002400166100000600190101000800196245006800204504003900272906004500311942001200356999001700368952010100385144321420171218065005.0851002s1987 mdua b 001 0 eng c a 85022654  a0683073206 aDNLM/DLCcDLCdDLC aeng aWS 366 T3555 a618.920028 ROG00a618.920028 ROG219 a4 aSHM00aTextbook of pediatric intensive care /ceditor, Mark C. Rogers. aIncludes bibliographies and index. a7bcbccorignewd1eocipf19gy-gencatlg 2ddccBK c39066d39066 00102ddc4070a002b002d2017-12-18l0o618.920028 ROGp002-29461r2017-12-18w2017-12-18yBK